[Event "Universidad de Cienfuegos-C 10th"]
[Site "Cienfuegos"]
[Date "2018.02.23"]
[Round "8"]
[White "Fernandez Martinez, Juan Carlos"]
[Black "Hidalgo Dibut, Alejandro"]
[Result "1/2-1/2"]
[WhiteElo "2011"]
[BlackElo "1994"]
[PlyCount "23"]
[EventDate "2018.02.20"]
[EventType "tourn"]
[EventRounds "14"]
[EventCountry "CUB"]
[SourceTitle "EXT 2021"]
[Source "ChessBase"]
[SourceDate "2020.10.23"]
[SourceVersion "1"]
[SourceVersionDate "2020.10.23"]
[SourceQuality "1"]

1. e4 d6 2. d4 Nf6 3. Nc3 Nbd7 4. Nf3 e5 5. Bc4 Be7 6. dxe5 Nxe5 7. Nxe5 dxe5 8. Qxd8+ Bxd8 9. Bg5 c6 10. 0-0-0 0-0 11. f3 h6 12. Bh4 1/2-1/2

[Event "Universidad de Cienfuegos-C 10th"]
[Site "Cienfuegos"]
[Date "2018.02.20"]
[Round "1"]
[White "Hidalgo Dibut, Alejandro"]
[Black "Fernandez Martinez, Juan Carlos"]
[Result "1/2-1/2"]
[WhiteElo "1994"]
[BlackElo "2011"]
[PlyCount "27"]
[EventDate "2018.02.20"]
[EventType "tourn"]
[EventRounds "14"]
[EventCountry "CUB"]
[SourceTitle "EXT 2021"]
[Source "ChessBase"]
[SourceDate "2020.10.23"]
[SourceVersion "1"]
[SourceVersionDate "2020.10.23"]
[SourceQuality "1"]

1. e4 c6 2. Nc3 d5 3. exd5 cxd5 4. d4 Nf6 5. Nf3 Bg4 6. Be2 e6 7. 0-0 Be7 8. Ne5 Bxe2 9. Nxe2 Nbd7 10. Ng3 Rc8 11. c3 Nxe5 12. dxe5 Nd7 13. Bf4 0-0 14. Ne2 1/2-1/2

[Event "Universidad de Cienfuegos-C 10th"]
[Site "Cienfuegos"]
[Date "2018.02.20"]
[Round "2"]
[White "Vieites Santana, Daniela Ines"]
[Black "Hidalgo Dibut, Alejandro"]
[Result "1/2-1/2"]
[WhiteElo "1842"]
[BlackElo "1994"]
[PlyCount "79"]
[EventDate "2018.02.20"]
[EventType "tourn"]
[EventRounds "14"]
[EventCountry "CUB"]
[SourceTitle "EXT 2021"]
[Source "ChessBase"]
[SourceDate "2020.10.23"]
[SourceVersion "1"]
[SourceVersionDate "2020.10.23"]
[SourceQuality "1"]

1. e4 c6 2. d4 d6 3. Nc3 Nd7 4. Nf3 e5 5. Bc4 Be7 6. 0-0 Ngf6 7. Re1 0-0 8. h3 Qc7 9. a4 b6 10. d5 Bb7 11. dxc6 Bxc6 12. Bd5 Bxd5 13. Nxd5 Nxd5 14. exd5 Rac8 15. c3 Rfe8 16. Be3 a6 17. Qe2 Qc4 18. Qxc4 Rxc4 19. Nd2 Rc7 20. c4 f5 21. f4 a5 22. b4 axb4 23. Rab1 Nc5 24. Bxc5 bxc5 25. fxe5 Ra8 26. exd6 Bxd6 27. Ra1 Rca7 28. Re6 Bf8 29. Rc6 Ra6 30. Rxa6 Rxa6 31. Nb3 Kf7 32. a5 Ke8 33. Re1+ Kd7 34. Re6 Bd6 35. Kf1 Ra8 36. Ke2 Rf8 37. Kf3 Rc8 38. Kf2 Rf8 39. Kf3 Rc8 40. Kf2 1/2-1/2